Wybrane metody pomiaru zasobów ludzkich

Význam investovania do ľudských zdrojov. Autorka v príspevku prezentuje vybrané modely ľudských zdrojov.

Gespeichert in:
Bibliographische Detailangaben
1. Verfasser: Pudło, Patrycja
Format: Buchkapitel
Sprache:Polnisch
Schlagworte:
Tags: Tag hinzufügen
Keine Tags, Fügen Sie das erste Tag hinzu!

MARC

LEADER 00000nla$a2200000$$$4500
001 0143266
005 20240605072034.9
041 0 |a pol 
044 |a SK 
245 1 0 |a Wybrane metody pomiaru zasobów ludzkich  |c Patrycja Pudło 
520 |a Význam investovania do ľudských zdrojov. Autorka v príspevku prezentuje vybrané modely ľudských zdrojov. 
610 2 0 |a zdroje ľudské 
610 2 0 |a modely 
100 1 |a Pudło, Patrycja